000 00542nam a2200133Ia 4500
008 171212s9999 xx 000 0 und d
020 _a9780833037244
100 _aLambeth, Benjamin S.
245 _cLambeth, Benjamin S.
_aAir Power Against Terror: America's Conduct of Operation Enduring Freedom
260 _bRAND Corporation
_c2005
650 _aAfghan War, 2001 -- United States; Afghan War, 2001 -- Aerial operations, American; War on Terrorism, 2001
650 _aPolitical Science
856 _uwww.jstor.org/stable/10.7249/mg166centaf
999 _c351695
_d351695